Normal view
MARC view
Entry Personal Name
001 - CONTROL NUMBER
- control field: 63218
003 - CONTROL NUMBER IDENTIFIER
- control field: dpl
005 - DATE AND TIME OF LATEST TRANSACTION
- control field: 20240313114005.0
008 - FIXED-LENGTH DATA ELEMENTS
- fixed length control field: 240313|| aca||aabn | a|a d
040 ## - CATALOGING SOURCE
- Original cataloging agency: dpl
- Transcribing agency: dpl
100 ## - HEADING--PERSONAL NAME
- Personal name: Chaube, S.P
670 ## - SOURCE DATA FOUND
- Source citation: Work cat.: (dpl)195008: Chaube, S.P., An Outline of Child Psychology/, 2021
